That's Enough, Let's Get You Home - Will Wood Lyrics - Statistics

General Stats
  • This quiz has been taken 8 times
  • The average score is 295 of 339
Answer Stats
Lyrics % Correct
a
100%
and
100%
And
100%
asleep
100%
at
100%
back
100%
be
100%
bed,
100%
bedroom
100%
bone
100%
Braille-
100%
but
100%
But
100%
come
100%
cruel
100%
do
100%
Do
100%
dream
100%
Dream
100%
enough
100%
enough,
100%
escaping
100%
eyes,
100%
Floral
100%
fun
100%
funny
100%
get
100%
girl,
100%
girl"
100%
girl
100%
Go
100%
god,
100%
"Goodbye,
100%
"Grow
100%
grow
100%
haired
100%
hand,
100%
hold
100%
home"
100%
home
100%
I
100%
I'd
100%
in
100%
inside
100%
joke,
100%
just
100%
Keane,
100%
keep
100%
knees
100%
knees:
100%
"Let's
100%
let's
100%
like
100%
love
100%
love,
100%
man,
100%
Margaret!
100%
me?
100%
me
100%
My
100%
my
100%
name
100%
never
100%
"Never
100%
next
100%
nothing
100%
now
100%
now's
100%
of
100%
Of
100%
off
100%
oh
100%
Oh,
100%
on
100%
on,
100%
our
100%
palm-
100%
private
100%
rather
100%
read
100%
read,
100%
right
100%
right,
100%
say,
100%
see
100%
see?
100%
sheets
100%
short-
100%
So,
100%
stay
100%
sweep
100%
than
100%
that
100%
That's
100%
that's
100%
the
100%
They
100%
things
100%
those
100%
to
100%
To
100%
too
100%
up
100%
up,
100%
wake
100%
Walter
100%
we
100%
what
100%
what's
100%
who
100%
whose
100%
wife
100%
with
100%
world"
100%
wrong
100%
you
100%
your
100%
you're
100%
again.
75%
all
75%
Alright,
75%
am
75%
anyone!
75%
are
75%
cast
75%
cause
75%
close
75%
dreams
75%
ghosts
75%
given-
75%
hands
75%
hands,
75%
Haunt
75%
know
75%
long-
75%
mean,
75%
mean?
75%
night
75%
nose
75%
Or
75%
prayers,
75%
reason
75%
sign
75%
Someone,
75%
supposed
75%
swear
75%
then
75%
time,
75%
two
75%
until
75%
Well
75%
Well,
75%
where
75%
William,
75%
ago
50%
became
50%
came
50%
can't
50%
church,
50%
CO2
50%
cold
50%
crack
50%
cries
50%
crying,
50%
curl
50%
days
50%
doors,
50%
far
50%
few
50%
fine
50%
fingers
50%
fish
50%
flying,"
50%
have
50%
heat
50%
here
50%
If
50%
I'll
50%
incubate
50%
is
50%
it's
50%
knuckles
50%
lamps
50%
late
50%
lights
50%
little
50%
made
50%
mercy
50%
mind,
50%
Neon
50%
open
50%
people
50%
"Promise
50%
seemed
50%
shadows
50%
soles
50%
soon
50%
start
50%
steeple,
50%
stitch
50%
stop
50%
sweet
50%
tanks
50%
telling
50%
they're
50%
watch
50%
while
50%
win!"
50%
you'd
50%
you'll
50%
fold
25%
gonna
25%
Mary!
25%
treat
25%
No matching quizzes found
Score Distribution
Percent of People with Each Score
Percentile by Number Answered
Your Score History
You have not taken this quiz